[Event "Meesterklasse 2014-2015"]
[Site "?"]
[Date "2014.09.27"]
[Round "1.9"]
[White "De Groote, Jesper"]
[Black "Hulshof, Peter"]
[Result "1/2-1/2"]
[WhiteElo "2139"]
[BlackElo "2185"]
[PlyCount "26"]
[EventDate "2014.??.??"]
[EventCountry "NED"]
[WhiteTeam "BSG II"]
[BlackTeam "Groninger Combinatie"]
[WhiteTeamCountry "NED"]
[BlackTeamCountry "NED"]

1. e4 g6 2. d4 Bg7 3. Nc3 c6 4. Nf3 d5 5. h3 Nf6 6. e5 Ne4 7. Nxe4 dxe4 8. Ng5
c5 9. dxc5 Qc7 10. Bc4 O-O 11. Qd5 Nc6 12. Qxe4 Nxe5 13. Bb3 Bf5 1/2-1/2

[Event "Meesterklasse 2014-2015"]
[Site "?"]
[Date "2014.09.27"]
[Round "1.9"]
[White "De Wit, Michel"]
[Black "Ondersteijn, Niels"]
[Result "1-0"]
[WhiteElo "2266"]
[BlackElo "2324"]
[PlyCount "77"]
[EventDate "2014.??.??"]
[EventCountry "NED"]
[WhiteTeam "Charlois Europoort V"]
[BlackTeam "HMC Calder VII"]
[WhiteTeamCountry "NED"]
[BlackTeamCountry "NED"]

1. e4 e5 2. Nf3 d6 3. d4 exd4 4. Nxd4 Nf6 5. Nc3 Be7 6. Be2 O-O 7. O-O Re8 8.
f4 Bf8 9. Bf3 c5 10. Nb3 Nc6 11. Re1 c4 12. Nd4 d5 13. e5 Bg4 14. Bxg4 Nxg4 15.
Qxg4 Nxd4 16. Qd1 Nc6 17. Qxd5 Nd4 18. Rd1 Nxc2 19. Qxb7 Qh4 20. Rb1 Bc5+ 21.
Kh1 Rad8 22. Rf1 f5 23. Qb5 Bf2 24. Qxc4+ Kh8 25. Ne2 Rc8 26. Qd3 Red8 27. Qxf5
Bb6 28. Ng3 Qe7 29. Ne4 Rf8 30. Qh3 Rc6 31. Bd2 Rh6 32. Qg3 Nd4 33. Ng5 Nf5 34.
Qb3 Qb7 35. Rf3 Nd4 36. Qb4 Rf5 37. Rd3 Ne6 38. Nxe6 Rxe6 39. Rd8+ 1-0

[Event "Meesterklasse 2014-2015"]
[Site "?"]
[Date "2014.09.27"]
[Round "1.9"]
[White "Peng, Zhaoqin"]
[Black "Lambrechts, Koen"]
[Result "0-1"]
[WhiteElo "2392"]
[BlackElo "2534"]
[PlyCount "78"]
[EventDate "2014.??.??"]
[EventCountry "NED"]
[WhiteTeam "En Passant III"]
[BlackTeam "SISSA IX"]
[WhiteTeamCountry "NED"]
[BlackTeamCountry "NED"]

1. d4 c6 2. c4 d5 3. cxd5 cxd5 4. Nc3 Nf6 5. Bf4 a6 6. e3 Nc6 7. Rc1 e6 8. Bd3
Bd6 9. Bxd6 Qxd6 10. f4 O-O 11. Nf3 Nd7 12. O-O f5 13. Ne5 Nf6 14. Na4 Ne4 15.
Nxc6 bxc6 16. Qc2 a5 17. b3 Ba6 18. Bxa6 Rxa6 19. Qe2 Ra7 20. Rc2 g5 21. Nc5
gxf4 22. exf4 Rb8 23. Nd3 a4 24. Rfc1 axb3 25. axb3 Rxb3 26. Rxc6 Qa3 27. Ne5
Rb2 28. Qd3 Qxd3 29. Nxd3 Rd2 30. Ne1 Rxd4 31. Rxe6 Rc4 32. Rd1 Nc3 33. Rd3 Ra1
34. Ree3 d4 35. Re8+ Kf7 36. Re5 Ne4 37. Rxf5+ Kg6 38. g4 Rxe1+ 39. Kg2 Rc2+
0-1

[Event "Meesterklasse 2014-2015"]
[Site "?"]
[Date "2014.09.27"]
[Round "1.9"]
[White "Van Ketel, Raoul"]
[Black "Krueger, Andre"]
[Result "1/2-1/2"]
[WhiteElo "2262"]
[BlackElo "2163"]
[PlyCount "113"]
[EventDate "2014.??.??"]
[EventCountry "NED"]
[WhiteTeam "LSG VI"]
[BlackTeam "Voerendaal X"]
[WhiteTeamCountry "NED"]
[BlackTeamCountry "NED"]

1. d4 Nf6 2. c4 e6 3. Nc3 Bb4 4. f3 d5 5. a3 Bxc3+ 6. bxc3 c6 7. e3 O-O 8. Bd3
b6 9. Ne2 Ba6 10. cxd5 Bxd3 11. Qxd3 cxd5 12. e4 Qc8 13. e5 Ne8 14. a4 f5 15.
O-O Nc6 16. Ba3 Rf7 17. Bb4 Rc7 18. g4 Rf7 19. Ng3 f4 20. Ne2 Qd8 21. Ba3 Na5
22. Ra2 Qh4 23. Bc1 g5 24. Kg2 Rc8 25. Rh1 Nc4 26. Ng3 Ng7 27. Nf1 Qh6 28. Rc2
Rc6 29. Bd2 Qg6 30. Qxg6 hxg6 31. Be1 Rfc7 32. Ra2 Na5 33. Ra3 Ne8 34. h4 gxh4
35. Rxh4 Rh7 36. Rxh7 Kxh7 37. Kf2 g5 38. Ke2 Nc7 39. Kd3 Na6 40. Ra2 Kg6 41.
Nd2 Nb8 42. Rc2 Nc4 43. Nxc4 Rxc4 44. Rh2 Rc8 45. Bd2 Nc6 46. Bc1 Na5 47. Ba3
Re8 48. Bb4 Nc4 49. Bd6 Nxd6 50. exd6 Rd8 51. Rh5 Rxd6 52. Rh8 Rc6 53. Rg8+ Kf6
54. Rf8+ Kg7 55. Re8 a5 56. Rb8 Kf7 57. Kc2 1/2-1/2

[Event "Meesterklasse 2014-2015"]
[Site "?"]
[Date "2014.09.27"]
[Round "1.10"]
[White "Den Hartog, Marijn"]
[Black "Nieuwenhuis, Pieter"]
[Result "1-0"]
[WhiteElo "2053"]
[BlackElo "2198"]
[PlyCount "83"]
[EventDate "2014.??.??"]
[EventCountry "NED"]
[WhiteTeam "Pathena Rotterdam VIII"]
[BlackTeam "Utrecht IV"]
[WhiteTeamCountry "NED"]
[BlackTeamCountry "NED"]
[WhiteClock "0:02:59"]
[BlackClock "0:45:31"]

1. e4 c5 2. Nf3 g6 3. d4 cxd4 4. Nxd4 Bg7 5. c4 Nc6 6. Be3 Nf6 7. Nc3 O-O 8.
Be2 d6 9. O-O a6 10. Qd2 Rb8 11. Rab1 Bd7 12. Rfd1 b5 13. cxb5 Nxd4 14. Bxd4
Bxb5 15. Bxb5 axb5 16. Qe2 b4 17. Nd5 Nxd5 18. exd5 Rb7 19. Rbc1 Qa8 20. Bxg7
Kxg7 21. Qc4 Rfb8 22. Qb3 Ra7 23. Qe3 Rbb7 24. Rc4 Rxa2 25. Rh4 h5 26. g4 Qa7
27. Qe2 Qa6 28. Qe4 Ra1 29. Qd4+ f6 30. gxh5 Rxd1+ 31. Qxd1 Ra7 32. Qc2 f5 33.
hxg6 Qb5 34. Qc1 Kxg6 35. Qh6+ Kf7 36. Qh5+ Kf6 37. Qh8+ Kg6 38. Rh6+ Kg5 39.
Qg7+ Kf4 40. Qd4+ Kf3 41. Qe3+ Kg4 42. Qg3# 1-0

[Event "Meesterklasse 2014-2015"]
[Site "?"]
[Date "2014.09.27"]
[Round "1.10"]
[White "Driessens, Patrick"]
[Black "Van Blitterswijk, Stefan"]
[Result "1/2-1/2"]
[WhiteElo "2315"]
[BlackElo "2365"]
[PlyCount "32"]
[EventDate "2014.??.??"]
[EventCountry "NED"]
[WhiteTeam "Voerendaal X"]
[BlackTeam "LSG VI"]
[WhiteTeamCountry "NED"]
[BlackTeamCountry "NED"]

1. d4 f5 2. c4 Nf6 3. Nc3 g6 4. g3 Bg7 5. Bg2 O-O 6. Nh3 Nc6 7. O-O d6 8. d5
Ne5 9. b3 Ne4 10. Nxe4 fxe4 11. Be3 Nf3+ 12. exf3 exf3 13. Bd4 fxg2 14. Kxg2
Bxh3+ 15. Kxh3 Qd7+ 16. Kg2 e5 1/2-1/2

[Event "Meesterklasse 2014-2015"]
[Site "?"]
[Date "2014.09.27"]
[Round "1.10"]
[White "Riemens, Michael"]
[Black "Van der Poel, Henk"]
[Result "1/2-1/2"]
[WhiteElo "2253"]
[BlackElo "2216"]
[PlyCount "31"]
[EventDate "2014.??.??"]
[EventCountry "NED"]
[WhiteTeam "Groninger Combinatie"]
[BlackTeam "BSG II"]
[WhiteTeamCountry "NED"]
[BlackTeamCountry "NED"]

1. e4 c5 2. Nf3 e6 3. d4 cxd4 4. Nxd4 Nc6 5. Nc3 Qc7 6. g4 a6 7. Bg2 Nge7 8.
Nde2 Ne5 9. Bf4 N7g6 10. Bg3 d6 11. h3 Be7 12. Qd4 Bf6 13. O-O-O Nc4 14. Bxd6
Bxd4 15. Bxc7 Bxf2 16. b3 1/2-1/2

[Event "Meesterklasse 2014-2015"]
[Site "?"]
[Date "2014.09.27"]
[Round "1.10"]
[White "Senders, Mischa"]
[Black "Lecomte, Robin"]
[Result "0-1"]
[WhiteElo "2380"]
[BlackElo "2256"]
[PlyCount "55"]
[EventDate "2014.??.??"]
[EventCountry "NED"]
[WhiteTeam "HMC Calder VII"]
[BlackTeam "Charlois Europoort V"]
[WhiteTeamCountry "NED"]
[BlackTeamCountry "NED"]

1. e4 c5 2. Nf3 e6 3. d4 cxd4 4. Nxd4 Nc6 5. Nc3 Qc7 6. g3 a6 7. Bg2 h5 8. O-O
h4 9. Nxc6 bxc6 10. Be3 d6 11. f4 hxg3 12. hxg3 Be7 13. Qf3 Rb8 14. Na4 Nf6 15.
e5 dxe5 16. fxe5 Qxe5 17. Rad1 Rb4 18. Bf4 Qe4 19. Qf2 Qf5 20. Bxc6+ Kf8 21. b3
Ng4 22. Qa7 Qh5 23. Rd2 Rxa4 24. Qxe7+ Kxe7 25. Bd6+ Kd8 26. Bf4+ Ke7 27. Bd6+
Kd8 28. Bf4+ 0-1

[Event "Meesterklasse 2014-2015"]
[Site "?"]
[Date "2014.09.27"]
[Round "1.10"]
[White "Van der Marel, Bert"]
[Black "Bohm, Hans"]
[Result "0-1"]
[WhiteElo "2162"]
[BlackElo "2311"]
[PlyCount "60"]
[EventDate "2014.??.??"]
[EventCountry "NED"]
[WhiteTeam "SISSA IX"]
[BlackTeam "En Passant III"]
[WhiteTeamCountry "NED"]
[BlackTeamCountry "NED"]

1. d4 e6 2. g3 d5 3. Bg2 f5 4. Nh3 Nf6 5. O-O Bd6 6. Bf4 b6 7. Nd2 O-O 8. Bxd6
cxd6 9. c4 Nc6 10. e3 Ne7 11. Nf4 g5 12. Nd3 Bb7 13. c5 Ba6 14. Nb3 Rc8 15.
cxd6 Qxd6 16. Re1 Rc7 17. Ne5 g4 18. f3 gxf3 19. Bxf3 Ng6 20. Nd3 Rfc8 21. Be2
Ne4 22. Nf2 Bxe2 23. Rxe2 Nxg3 24. hxg3 Qxg3+ 25. Kf1 Rg7 26. Rc2 Rf8 27. Nc1
Nh4 28. Ncd3 Ng2 29. Re2 Nf4 30. exf4 Qg1# 0-1